| 000 | 01012cab a2200193 4500 | ||
|---|---|---|---|
| 001 | ABS37692 | ||
| 008 | 090401t1987 xxu||||| |||| 00| 0 eng d | ||
| 035 | _a(Sirsi) u6217 | ||
| 041 | _aeng | ||
| 245 | _aIslington sees a dividend at the Co-op | ||
| 260 | _c1987 | ||
| 350 | _a0 | ||
| 490 |
_aSurveyor _v(Public Works Weekly) 168(4943) 7 May 1987, 10-13( |
||
| 520 | _aExamines the findings of a DoE survey on co-operative housing and uses the experiences of Islington London Borough Council to describe the setting up and running of tenant management companies. Outlines some conflicts of interest which can occur between the local authority and the co-operative, and how a balance can be achieved. Lists the main advantages of co-operative housing from the local authority point of view. Concludes with a look at leadership problems with co-operatives, and suggests ways they can be resolved. | ||
| 650 | _aHOUSING CO OPERATIVES | ||
| 690 |
_aBlock management _96220 |
||
| 942 | _n0 | ||
| 948 | _c04/03/1997 | ||
| 999 |
_c3736 _d3736 |
||